000 00607nam a2200205Ia 4500
005 20260121110027.0
008 008 260114s9999 xx 000 0 hin d
020 _a9788132359098
037 _aEBOOK
040 _aCRL
_bhin
_cCRL
041 _ahin
_2hin
084 _qCRL
100 _aराम प्रकाश / Ram Prakash
_9941150
245 0 _aमेंडलवाद / Mendelwaad
260 _bभाषा प्रकाशन / Bhasha Prakashan
_c2021
856 _uhttps://bhashaprakashan.com/product-details/382453
942 _cEBOOK
999 _c1532815
_d1532815